Les courants de l'économie - Statistiques

Statistiques générales
  • Ce quiz a été pris 106 fois
  • Le résultat moyen est 3 sur 8
Statistiques - réponses
Année Réponses % Correct
≈1815 - 1870 Classiques, Socialistes
87%
1936-1970 Keynésianisme
74%
≈1250 - ≈1550 Mercantilisme
43%
1870-1936 Néoclassiques et Marginalistes
36%
≈1550 -≈1815 Physiocratie
14%
1970-futur Post Keynésianisme
8%
500 -≈1250 Pensée Scolastique
6%
500 av JC - 0 Pensée Economique
2%
Aucun quiz correspondant
Distribution des résultats
% des personnes avec chaque résultat
Percentile par nombre de réponses
Votre historique - résultats
Vous n’avez pas pris ce quiz